My Oxford ABC and 123 picture rhyme book

Bibliographic Details
Main Author: McGough, Roger
Corporate Author: Title
Other Authors: Gliori, Debi
Format: Book
Published: Oxford : Oxford University Press , 1999
Subjects:

MARC

LEADER 00000cam a2200000 7i4500
001 0000005883
005 20151222.0
008 070810
020 |a 019910588X 
090 0 0 |a JF   |b EDU ENG (5862) 
100 1 |a McGough, Roger 
245 1 0 |a My Oxford ABC and 123 picture rhyme book   |c Roger McGough; illustrations by Debi Gliori 
260 |a Oxford :   |b Oxford University Press ,   |c 1999 
500 |a Children ages 7-9 years old (orange) 
650 0 |a Education 
650 0 |a Junior fiction   |x English   |x Languages 
700 1 |a Gliori, Debi 
710 0 |a Title 
999 |a 0000982798   |b Book   |c Children Collection   |e Perbadanan Perpustakaan Awam Johor 
999 |a 0000982799   |b Book   |c Children Collection   |e Perbadanan Perpustakaan Awam Johor 
999 |a 0000982800   |b Book   |c Children Collection   |e Perbadanan Perpustakaan Awam Johor 
999 |a 0000982801   |b Book   |c Children Collection   |e Perbadanan Perpustakaan Awam Johor 
999 |a 0000982802   |b Book   |c Children Collection   |e Cawangan Bukit Gambir 
999 |a 0001143594   |b Book   |c Children Collection   |e Cawangan Bandar Penawar 
999 |a 0001143595   |b Book   |c Children Collection   |e Cawangan Bukit Gambir